000 00199nam a2200085Ia 4500
008 120527s9999 xx 000 0 und d
100 _aBres & Weishhear
245 _aThinking about Biology
942 _cBK
999 _c27353
_d27353